000 01275njm a22002897a 4500
005 20100913152710.0
006 a|||||r|||||00| 0
007 sd ammalaaahaa
008 100907t xxu||||| |||| 00| 0 hin d
028 _aECLP 2269
_bHis Master's Voice
035 _aGR-02152
040 _aSED
_cSED
100 _aBanerjee, Pratima
_918699
245 _aBhajans of meera /
_cby Pratima Banerjee ; lyrics by J.P.Gosh
_h[Sound Recording]
246 _aभजन्स ऑफ़ मीरा / प्रतिमा बनर्जी
260 _aDum Dum, India
_bHis Master's Voice
_cn.d.
300 _a1 sound disc [Gramophone Record] :
_banalog, 33.1/3 rpm
_c12 in. (LP)
_fGramophone Records
500 _aBrief record
500 _aRecords Labels : His Master's Voice, Black
505 _aSide-1 मैं तो लियो पिया मोल (Main to liyo piya mol) (Pratima Banerjee) -- Side-2 एरी मैं तो प्रेम दीवानी (Eree mai to prem diwani) (Pratima Banerjee)
600 _aBanerjee, Pratima
_919742
650 _aBhajans
_xExcerpts
_zIndia
_918876
700 _aGosh, J.P.
_918877
700 _919760
942 _2ddc
_cGR
999 _c45486
_d45486